000 01080nam a22002417a 4500
008 081007t xxu||||| |||| 00| 0 mar
010 _aMAR-20015
020 _c100.00
035 _aMR-12673
037 _bD.B.Act /pub
082 _a649.1
100 _aसरदेसाई, ह.वि.
245 _aउमलती फुले /
_cह.वि.सरदेसाई; अनिल बळेल द्वारा संपादित
246 _aUmlati Fule
_bby H.V. Sardesai
260 _aपुणे
_bउत्कर्ष प्रकाशन
_c2008
270 _a685, डेक्कन जिमखाना,
_bपुणे
_e411004
300 _a148 पृ
_c22सेमी (अजिल्द)
650 _aपालकत्व
650 _aChild Rearing
700 _aबळेल, अनिल
942 _2ddc
_cMR
_mसरदे
_h649.1
999 _c21187
_d21187